Poesía turrialbeña, 1960-1990 (Registro nro. 2707)

Detalles MARC
000 -Cabecera
Campo de control de longitud fija 00717aam a2200277 4500
005 - Fecha y hora de la última transacción
Campo de control 20250820105714.0
008 - Elementos de longitud fija--Información general
Campo de control de longitud fija 150608b xxu||||| |||| 00| 0 spa d
020 ## - International Standard Book Number
Número Internacional Estándar del Libro (ISBN) 9789968310840
041 ## - Idioma
Código de idioma Español
082 ## - Clasificación Decimal Dewey
Número de clasificación CR 861.44 G489p
100 ## - Entrada principal--Autor personal
Nombre personal Gil Salas, Erick
9 (RLIN) 23790
245 ## - Título propiamente dicho
Título Poesía turrialbeña, 1960-1990
260 ## - Pie de imprenta
Lugar de publicación, distribución, etc. Costa Rica
260 ## - Pie de imprenta
Nombre del editor, distribuidor, etc. EUNED
260 ## - Pie de imprenta
Fecha de publicación, distribución, etc. 2010
300 ## - Descripción física
Extensión 140 páginas
300 ## - Descripción física
Otras características físicas Ilustraciones a blanco y negro
490 ## - Serie
Título de la Serie TEMÁTICA GENERAL
650 ## - Materia general
Temática (materia general) TEMÁTICA GENERAL
650 ## - Materia general
Temática (materia general) POESÍA COSTARRICENSE
650 ## - Materia general
Temática (materia general) LITERATURA COSTARRICENSE
650 ## - Materia general
Temática (materia general) POESÍA TURRIALBEÑA
650 ## - Materia general
Temática (materia general) COMPILACIÓN
650 ## - Materia general
Temática (materia general) COSTA RICA
942 ## - Punto de acceso adicional KOHA
Tipo de ítem KOHA Literatura
Fuente del sistema de clasificación o colocación Dewey Decimal Classification
Existencias
Signatura completa Código de barras Programa Académico Tipo de ítem
CR 861.44 G489p 15904 Temática General Literatura